| 000 | 01452cad a22002415a 4500 | ||
|---|---|---|---|
| 001 | L140601 | ||
| 008 | 071001s2007 xxk f f000 0 eng d | ||
| 035 | _a(Sirsi) u140601 | ||
| 041 | 0 | _aeng | |
| 050 | 0 | 4 | _a614.76 $2 18 |
| 110 | 1 |
_aUnited Kingdom _bDepartment for Environment Food and Rural Affairs |
|
| 245 | 0 | 0 |
_aSummary of responses to the consultation on site waste management plans held between 2 April to 9 July 2007 _h[electronic resource] |
| 260 |
_aLondon _bDefra _c2007 |
||
| 520 | _aReveals a generally positive response to government's "Consultation on site waste management plans for the construction industry" (L137400), with 75% of respondents supporting the introduction of statutory Site Waste Management Plans (SWMPs). In addition, 85% of respondents believed SWMPs could help to improve resource efficiency. Views were mixed regarding the level of SWMP thresholds and the best type of criteria to use when setting minimum requirements, although project value is likely to be most practical. | ||
| 590 | _aKA | ||
| 650 | 2 | 4 | _aSITE WASTE MANAGEMENT PLANS |
| 650 | 2 | 4 | _aDRAFT SITE WASTE MANAGEMENT PLANS REGULATIONS 2008 |
| 651 | 4 |
_aEngland _y886- |
|
| 690 | _aENVIRONMENTAL AND LAND CONSULTANCY-WASTE MANAGEMENT | ||
| 690 | _aBUILT ENVIRONMENT | ||
| 856 | 4 | 8 |
_uhttps://www.defra.gov.uk/corporate/consult/construction-sitewaste/index.htm _zView the consultation responses free of charge at www.defra.gov.uk... |
| 942 | _n0 | ||
| 999 |
_c107518 _d107518 |
||